| 000 -ლიდერი |
| ფიქსირებული სიგრძის საკონტროლო ველი |
01366nam a2200265Ia 4500 |
| 001 - საკონტროლო ნომერი |
| საკონტროლო ველი |
5653 |
| 003 - საკონტროლო ნომრის იდენტიფიკატორი |
| საკონტროლო ველი |
GE_BSU |
| 005 - ბოლო ოპერაციის თარიღი და დრო |
| საკონტროლო ველი |
20191024104012.0 |
| 008 - ფიქსირებული სიგრძის მონაცემთა ელემენტები - ზოგადი ინფორმაცია |
| ფიქსირებული სიგრძის საკონტროლო ველი |
181216s2009||||ge |||||||||||||| ||geo|| |
| 020 ## - წიგნის საერთაშორისო სტანდარტული ნომერი |
| International Standard Book Number |
9789941905070 |
| 040 ## - კატალოგიზაციის წყარო |
| Transcribing agency |
GE_BSU |
| 041 ## - ენის კოდი |
| Language code of text/sound track or separate title |
geo |
| 080 ## - უნივერსალური ათობითი კლასიფიკაციის ინდექსი |
| Universal Decimal Classification number |
633.5/9:631.529 ს-32 |
| 245 ## - ცნობა სათაურის შესახებ |
| Title |
საქართველოში ინტროდუცირებული ტექნიკური მცენარეები / |
| Statement of responsibility, etc |
თ. კვენიაშვილი, ე. გორდაძე, ც. ჟორჟოლიანი, ბ. თვალოძე ; რედ. რ. კილაძე. |
| 264 ## - წარმოების, გამოცემის, დისტრიბუციის და სხვა ცნობები |
| გამოცემის, წარმოების, დისტრიბუციის... ადგილი |
ქუთაისი |
| გამოცემის, წარმოების, დისტრიბუციის... სახელწოდება |
ლამპარი |
| გამოცემის, წარმოების, დისტრიბუციის... თარიღი |
2009 |
| 300 ## - ფიზიკური აღწერა |
| Extent |
156 გვ. : |
| Other physical details |
ილ. ცხრ. ; |
| Dimensions |
20 სმ. |
| 653 ## - INDEX TERM--UNCONTROLLED |
| Uncontrolled term |
ინტროდუცირებული ტექნიკური მცენარეები; |
| 653 ## - INDEX TERM--UNCONTROLLED |
| Uncontrolled term |
სასოფლო-სამეურნეო კულტურები |
| 700 ## - ADDED ENTRY--PERSONAL NAME |
| Personal name |
კვენიაშვილი, თ. |
| Relator term |
ავტორი |
| 9 (RLIN) |
4973 |
| 700 ## - ADDED ENTRY--PERSONAL NAME |
| Personal name |
გორდაძე, ე. |
| Relator term |
ავტორი |
| 9 (RLIN) |
4974 |
| 700 ## - ADDED ENTRY--PERSONAL NAME |
| Personal name |
ჟორჟოლიანი, ც. |
| Relator term |
ავტორი |
| 9 (RLIN) |
4975 |
| 700 ## - ADDED ENTRY--PERSONAL NAME |
| Personal name |
თვალოძე, ბ. |
| Relator term |
ავტორი |
| 9 (RLIN) |
4976 |
| 700 ## - ADDED ENTRY--PERSONAL NAME |
| Personal name |
კილაძე, რ. |
| Relator term |
რედაქტორი |
| 9 (RLIN) |
4977 |
| 942 ## - ADDED ENTRY ELEMENTS (KOHA) |
| Koha item type |
წიგნი |
| Source of classification or shelving scheme |
|